000 01258nam0a22002771 4500
001 rc\4591588
005 20260407053312.0
021 _aRU
_b[63-65278]
035 _a(NLR Aleph) 008661816
090 _a9066064
_c9066064
100 _a20130416d1963 |||y0rusy50 ca
101 0 _arus
102 _aRU
105 _ay c |||||
200 1 _aМетодические указания по ранней клинико-лабораторной диагностике болезни Боткина
_eУтв. 25/IV 1962 г.
_fСост. канд. мед. наук К.Г. Капетанаки, канд. мед. наук Т.С. Глазковой
_gЛенингр. гор. отд. здравоохранения
210 _aЛенинград
_cБ. и.
_d1963
215 _a36 с.
_d20
606 _aГепатит эпидемический
_xДиагностика
_2psbo
702 1 _aКапетанаки
_bК.Г.
_gКонстантин Георгиевич
_4220
702 1 _aГлазкова
_bТ.С.
_4220
712 0 2 _aЛенинградский городской отдел здравоохранения
_3RU\NLR\AUTH\8810023209
_9544446
801 0 _aRU
_bNLR
_gpsbo
801 1 _aRU
_bELAR
_2rusmarc
852 _aNLR
_j63-4/14263
942 _cBOOK
980 _aNB